000 00338nam a22001457a 4500
003 OSt
005 20230608062808.0
008 220707b xxu||||| |||| 00| 0 eng d
040 _cIIMT UNIVERSITY MEERUT
100 _aDR. SHARMA, S
245 _aANALOG & DIGITAL ELECTRONICS
260 _bKATSON
300 _a463
942 _2ddc
_c09
999 _c52905
_d52905